ბათუმის შოთა რუსთაველის სახელმწიფო უნივერსიტეტის ბიბლიოთეკა

თერაპიული სტომატოლოგია : (ბიბ.ჩანაწერი № 62393)

000 -ლიდერი
ფიქსირებული სიგრძის საკონტროლო ველი 01565nam a22002537a 4500
003 - საკონტროლო ნომრის იდენტიფიკატორი
საკონტროლო ველი Ge_BSU
005 - ბოლო ოპერაციის თარიღი და დრო
საკონტროლო ველი 20241022104358.0
008 - ფიქსირებული სიგრძის მონაცემთა ელემენტები - ზოგადი ინფორმაცია
ფიქსირებული სიგრძის საკონტროლო ველი 241022s1999 ge ||||| |||| 00| 0 geo d
041 ## - ენის კოდი
Language code of text/sound track or separate title geo
080 ## - უნივერსალური ათობითი კლასიფიკაციის ინდექსი
Universal Decimal Classification number 616.31(075.8) თ-49
245 ## - ცნობა სათაურის შესახებ
Title თერაპიული სტომატოლოგია :
Remainder of title [სახელმძღვ.] /
Statement of responsibility, etc ავტ.: ე. ვ. ბოროვსკი, ი. დ. ბარიშევა, ი. მ. მაქსიმოვსკი და სხვ.]; ე. ვ. ბოროვსკის რედ.; [რუს. თარგმ. ხათუნა გაბიტაშვილისა]; თარგმ. რედ.: ლია ჭელიძე.
250 ## - გამოცემის ცნობა
Edition statement მე-2 გადამუშ და შევს. გამოც.
264 ## - წარმოების, გამოცემის, დისტრიბუციის და სხვა ცნობები
გამოცემის, წარმოების, დისტრიბუციის... ადგილი თბ. :
გამოცემის, წარმოების, დისტრიბუციის... სახელწოდება მთაწმინდელი,
გამოცემის, წარმოების, დისტრიბუციის... თარიღი 1999.
300 ## - ფიზიკური აღწერა
Extent 551 გვ. :
Other physical details სურ. ;
Dimensions 20 სმ.
653 ## - INDEX TERM--UNCONTROLLED
Uncontrolled term თერაპიული სტომატოლოგია
653 ## - INDEX TERM--UNCONTROLLED
Uncontrolled term მედიცინა
700 ## - ADDED ENTRY--PERSONAL NAME
Personal name ბოროვსკი, ე. ვ.
Relator term ავტორი
9 (RLIN) 23469
700 ## - ADDED ENTRY--PERSONAL NAME
Personal name ბარიშევა, ი. დ.
Relator term ავტორი
9 (RLIN) 23470
700 ## - ADDED ENTRY--PERSONAL NAME
Personal name მაქსიმოვსკი, ი. მ.
Relator term ავტორი
9 (RLIN) 23471
700 ## - ADDED ENTRY--PERSONAL NAME
Personal name ბოროვსკი, ე. ვ.
Relator term რედაქტორი
9 (RLIN) 23469
700 ## - ADDED ENTRY--PERSONAL NAME
Personal name გაბიტაშვილი, ხ.
Relator term მთარგმნელი
9 (RLIN) 23472
700 ## - ADDED ENTRY--PERSONAL NAME
Personal name ჭელიძე, ლია
Relator term რედაქტორი
9 (RLIN) 3310
942 ## - ADDED ENTRY ELEMENTS (KOHA)
Source of classification or shelving scheme
Koha item type წიგნი
ეგზემპლარები
ჩამოწერის სტატუსი დაკარგული ეგზემპლარის სტატუსი კლასიფიკაციის წყარო ან თაროზე გაწყობის სქემა დაზიანების სტატუსი არ გაიცემა მუდმივი მდებარეობა (დაცვის ადგილი) ამჟამინდელი ადგილსამყოფელი თაროზე განთავსების ადგილი შეძენის თარიღი ღირებულება, შესყიდვის ნორმალური ფასი სრული შენახვის შიფრი შტრიხკოდი ბოლო ოპერაციის თარიღი ეგზემპლარის მიმდევრობითი ნომერი (კეტერი?) ფასის ძალაში შესვლის თარიღი ეგზემპლარის სახეობა საჯარო შენიშვნა
          ბათუმის შოთა რუსთაველის სახელმწიფო უნივერსიტეტის მთავარი ბიბლიოთეკა ბათუმის შოთა რუსთაველის სახელმწიფო უნივერსიტეტის მთავარი ბიბლიოთეკა წიგნსაცავი 2024-10-22 15.00 616.31(075.8) თ-49 69460 2024-10-22 69460 2024-10-22 წიგნი 15 ლ.